¿Cómo leer filosofía política? (Registro nro. 21813)

Detalles MARC
000 -LEADER
fixed length control field 00311 a2200109 4500
001 - CONTROL NUMBER
control field ART_42023
005 - DATE AND TIME OF LATEST TRANSACTION
control field 20260410161815.0
008 - FIXED-LENGTH DATA ELEMENTS--GENERAL INFORMATION
fixed length control field 260409a
100 1# - MAIN ENTRY--PERSONAL NAME
Personal name D'Auria, Aníbal
245 10 - TITLE STATEMENT
Title ¿Cómo leer filosofía política?
773 0# - HOST ITEM ENTRY
Title Academia
Related parts - Año 2, Nº 4 (sep./dic. 2004)
Record control number REV4314

No hay ítems disponibles.